Normal view
MARC view
Entry Topical Term
001 - CONTROL NUMBER
- control field: 142653
003 - CONTROL NUMBER IDENTIFIER
- control field: OSt
005 - DATE AND TIME OF LATEST TRANSACTION
- control field: 20231121142509.0
008 - FIXED-LENGTH DATA ELEMENTS
- fixed length control field: 231121|| aca||aabn | a|a d
040 ## - CATALOGING SOURCE
- Original cataloging agency: OSt
- Transcribing agency: OSt
150 ## - HEADING--TOPICAL TERM
- Topical term or geographic name entry element: Tuluva Folklore: ತುಳುವ ಜಾನಪದ ಕಲೆ
670 ## - SOURCE DATA FOUND
- Source citation: Work cat.: (OSt): Chandrashekhar Shetty B: ಚಂದ್ರಶೇಖರ ಶೆಟ್ಟಿ ಬಿ 142652, Hulivesha: Thase dolu kunita, 2023